Campeões Estaduais de 2025 - Statistics

Estatísticas Gerais
  • Esse quiz foi jogado 70 vezes
    13 desde o último reset
  • A pontuação média é 18 de 27
Estatísticas das Respostas
Estado Campeão % Correto
Bahia Bahia
100%
Ceará Ceará
100%
São Paulo Corinthians
100%
Rio de Janeiro Flamengo
100%
Pará Remo
100%
Distrito Federal Gama
91%
Rio Grande do Sul Internacional
91%
Amazonas Amazonas
82%
Minas Gerais Atlético Mineiro
82%
Santa Catarina Avaí
82%
Alagoas CRB
82%
Espírito Santo Rio Branco
82%
Pernambuco Sport
82%
Rio Grande do Norte América-RN
73%
Goiás Vila Nova
73%
Mato Grosso do Sul Operário-MS
64%
Paraná Operário-PR
64%
Sergipe Confiança
55%
Maranhão Maranhão
55%
Rondônia Porto Velho
45%
Paraíba Sousa
45%
Piauí Piauí
27%
Amapá Trem
27%
Roraima GAS
18%
Acre Independência
18%
Mato Grosso Primavera
18%
Tocantins União
0%
Nenhum quiz correspondente encontrado
Distribuição das Pontuações
Porcentagem de Pessoas com Cada Pontuação
Percentil de Números Respondidos
Sua Pontuação Histórica
Você não jogou esse quiz desde o último reset